00728 a2200205 4500999001500000010001400015020002300029035001300052037001500065082001300080100002300093245006500116260003700181270008700218300002700305500002000332700002200352942003300374952011500407 c5726d5726 aENG-87013 a8131301982c995.00 aEN-70546 bDBAD / PUB14a338.47911 aChakraborty, Ahana1 aGlobal tourism /cby Ahana Chakraborty [and] B.K.Chakravorty aNew DelhibAPH Publisihingc2007 a4435/36-7, Ansari Road, DaryaganjbNew Delhie110 002k23274050maphbooks@vsnl.net avii, 457 pc22 cm (Hb) aIncludes index1 aChakravorty, B.K. adplcEN2ddch338.4791 mCHA 001040718NFICaDBADbDBADeDBAD/PUBg995.00l0o338.4791 CHApEN-70546r2008-09-15 00:00:00t1v995.00yEN